000 01111ngm a22003010a 4500
001 PT42248
003 AR-LpoUNG
005 20210201235928.0
007 vd cvaizq
008 191001s2009||||ag |||||||||||||||||spa d
037 _c$7.50
040 _aAR-LpoUNG
_bspa
_cAR-LpoUNG
_eaacr
041 _aspa
044 _aag
082 0 _a808.068 598gar
245 1 0 _aGarfield y el escuadrón de las mascotas
260 _aSan Luis :
_bAVH,
_c2009.
300 _aDVD (73 min.) : son., col.
520 _aNada en el mundo le interesa más a Gardfield que comer y dormir la siesta. Eso hasta que el enorme y musculoso supergato Garzooka llega al Mundo de los Dibujos desde el Mundo de las Historietas con noticias aterradoras: la malísima villana Vetkis ha atacado el pacífico planeta de Tontolandia y robado una invención que la ayudará en su afán de conquistar ambos mundos.
651 4 _aDOCUMENTOS TEORICOS O METODOLOGICOS
653 _aANIMACION
653 _aDVD
653 _aVIDEOS
653 _aVIDEOS INFANTILES
710 2 _aThe animation picture
905 _a42248
942 _cDVD
999 _c53790
_d53790